000 00399nam a2200181Ia 4500
005 20250423094826.0
008 250422s9999 xx 000 0 und d
020 _a9350286662
050 _aKN 266 .S5/
100 _aSingh,avtar
245 0 _aCompetition Law
250 _a1st.edi
260 _aLucknow
260 _bEastern Book Company
260 _c2012
300 _a294 p
942 _cBK
999 _c28406
_d28406